| 000 | 00333nam a2200133Ia 4500 | ||
|---|---|---|---|
| 005 | 20260328104309.0 | ||
| 008 | 260328s9999||||xx |||||||||||||| ||und|| | ||
| 100 | _aHarvard Busisness Review | ||
| 245 | 0 |
_aPresentations / _cHarvard Busisness Review |
|
| 260 | _bManagement | ||
| 300 | _a98 p. | ||
| 650 | _aCOMPUTADORA | ||
| 942 | _cBK | ||
| 999 |
_c10889 _d10889 |
||